রাষ্ট্রভাষা-আন্দোলন ও বঙ্গবন্ধু শেখ মুজিবুর রহমান / (Record no. 6652)
[ view plain ]
| 000 -LEADER | |
|---|---|
| fixed length control field | 01204nam a22002297a 4500 |
| 003 - CONTROL NUMBER IDENTIFIER | |
| control field | BUBTL |
| 008 - FIXED-LENGTH DATA ELEMENTS--GENERAL INFORMATION | |
| fixed length control field | 220130b ||||| |||| 00| 0 eng d |
| 020 ## - INTERNATIONAL STANDARD BOOK NUMBER | |
| International Standard Book Number | 9789844144361 |
| 082 ## - DEWEY DECIMAL CLASSIFICATION NUMBER | |
| Classification number | 954.92/ M2777r/ 2013 |
| 100 ## - MAIN ENTRY--PERSONAL NAME | |
| 9 (RLIN) | 4507 |
| Personal name | মাহবুব, এম. আর |
| 245 ## - TITLE STATEMENT | |
| Title | রাষ্ট্রভাষা-আন্দোলন ও বঙ্গবন্ধু শেখ মুজিবুর রহমান / |
| Statement of responsibility, etc. | এম. আর. মাহবুব, মুস্তফা নূরউল ইসলাম |
| 250 ## - EDITION STATEMENT | |
| Edition statement | 1st Edn. |
| 260 ## - PUBLICATION, DISTRIBUTION, ETC. (IMPRINT) | |
| Place of publication, distribution, etc. | ঢাকা : |
| Name of publisher, distributor, etc. | অনিন্দ্য প্রকাশ, |
| Date of publication, distribution, etc. | c2013 |
| 300 ## - PHYSICAL DESCRIPTION | |
| Extent | 192 p.: |
| Other physical details | ill.; |
| Dimensions | 22 cm. |
| 505 ## - FORMATTED CONTENTS NOTE | |
| Formatted contents note | রাষ্ট্রভাষা-আন্দোলন ও বঙ্গবন্ধু শেখ মুজিবুর রহমান, রাষ্ট্রভাষা, আন্দোলন, বঙ্গবন্ধু, শেখ মুজিবুর রহমান, |
| 650 #0 - SUBJECT ADDED ENTRY--TOPICAL TERM | |
| 9 (RLIN) | 3573 |
| Topical term or geographic name as entry element | বঙ্গবন্ধু |
| 650 #0 - SUBJECT ADDED ENTRY--TOPICAL TERM | |
| 9 (RLIN) | 4372 |
| Topical term or geographic name as entry element | Bangabandhu |
| 700 ## - ADDED ENTRY--PERSONAL NAME | |
| 9 (RLIN) | 4508 |
| Personal name | নূরউল ইসলাম, মুস্তফা |
| 856 ## - ELECTRONIC LOCATION AND ACCESS | |
| Password | 0 |
| Logon | 0 |
| Link text | Download |
| 942 ## - ADDED ENTRY ELEMENTS (KOHA) | |
| Source of classification or shelving scheme | |
| Koha item type | Books |
| Withdrawn status | Lost status | Source of classification or shelving scheme | Damaged status | Not for loan | Collection code | Permanent location | Current location | Shelving location | Date acquired | Source of acquisition | Inventory number | Total Checkouts | Full call number | Barcode | Date last seen | Date last checked out | Copy number | Price effective from | Koha item type |
|---|---|---|---|---|---|---|---|---|---|---|---|---|---|---|---|---|---|---|---|
| Non-fiction | Bangladesh University of Business and Technology Library | Bangladesh University of Business and Technology Library | Historical Books | 03/11/2020 | Purchase | 27051 | 1 | 954.92/ M2777r/ 2013 | BUBTL-200327051 | 03/11/2023 | 02/07/2023 | C-1 | 01/30/2022 | Books |
